000
00329nam a2200145Ia 4500
100
_a
Koch/ Geor
942
_c
BK
366
_f
15
654
_a
Oracle The Complete Reference
245
_a
Oracle The Complete Reference
260
_b
Tata Mc Graw hill
_a
New Delhi
_c
1997
082
_a
5.3
300
_a
1066
546
_a
ENGLISH
999
_c
26910
_d
26910